00212nam a2200085Ia 4500008004100000041000800041100001800049245002400067260003500091241105s9999 xx 000 0 und d aeng aPhalke Snehal aHill Resort At Kaas bFinal Year B. Arch, BNCAc2014